Trendy systémů organizace a řízení v zemědělských družstvech.

Kolapsové ekonomické podmienky v poľnohospodárskej prvovýrobe budú vyžadovať zo strany štátu opatrenia k oživeniu trhu a zvýšenie koncepčnej organizácie a riadenia na podnikovej úrovni APK. Východiskovým bodom bude splynutie systémov riadenia poľnohospodárskych podnikov a poznatkov západného manažme...

Ausführliche Beschreibung

Gespeichert in:
Bibliographische Detailangaben
1. Verfasser: Julínková, I.
Weitere Verfasser: Maca, Erich
Format: Buchkapitel
Sprache:Tschechisch
Schlagworte:
Tags: Tag hinzufügen
Keine Tags, Fügen Sie das erste Tag hinzu!

MARC

LEADER 00000naa a2200000 4500
001 r010019
005 20220831090016.0
041 0 |a cze 
044 |a [CS] 
245 1 0 |a Trendy systémů organizace a řízení v zemědělských družstvech.  |c I. Julínková, E. Maca 
520 |a Kolapsové ekonomické podmienky v poľnohospodárskej prvovýrobe budú vyžadovať zo strany štátu opatrenia k oživeniu trhu a zvýšenie koncepčnej organizácie a riadenia na podnikovej úrovni APK. Východiskovým bodom bude splynutie systémov riadenia poľnohospodárskych podnikov a poznatkov západného manažmentu. Poukázanie na základné vývojové tendencie v systémoch organizácie a riadenia na súbore poľnohospodárskych družstiev na Morave. Vymedzenie kritických faktorov a koncepcia ich eliminácie. 
610 2 0 |a družstvá poľnohospodárske 
610 2 0 |a organizácia 
610 2 0 |a riadenie podnikové 
610 2 0 |a koncepcie 
610 2 0 |a štát 
610 2 0 |a výroba poľnohospodárska 
610 2 0 |a komplex poľnohospodársko-potravinársky 
610 2 0 |a podnik poľnohospodársky 
610 2 0 |a systémy riadenia 
610 2 0 |a manažment 
100 1 |a Julínková, I. 
700 1 |a Maca, Erich